Bilecik Bilecik Bilecik Bilecik Bilecik

Kriz ve yenilenme:krizin sunduğu fırsatlar=crisis & renewal/ (Record no. 3873)

MARC details
000 -BAŞLIK
Sabit Uzunluktaki Kontrol Alanı 01065nam a22003497a 4500
001 - KONTROL NUMARASI
Control Dosyası 0003890
003 - KONTROL NUMARASI KİMLİĞİ
Kontrol Alanı KOHA_MİRAKIL
005 - EN SON İŞLEM TARİHİ ve ZAMANI
Kontrol Alanı 20260207001351.0
007 - FİZİKSEL TANIM SABİT ALAN - GENEL BİLGİ
Sabit uzunluklu kontrol alanı ta
008 - SABİT UZUNLUKTAKİ VERİ ÖGELERİ - GENEL BİLGİ
Sabit Alan 120326b2000 tu |||gr||||#||||0|tur |
020 ## - ISBN - ULUSLARARASI STANDART KİTAP NUMARASI
Isbn 9753162561
040 ## - KATALOGLAMA KAYNAĞI
Özgün Kataloglama Kurumu TR-BiSEU
Kataloglama Dili tur
Çeviri Kurumu TR-BiSEU
Açıklama Kuralları rda
041 0# - DİL KODU
Metin ya da ses kaydının dil kodu tur
044 ## - YAYINLAYAN/ÜRETEN KURULUŞUN ÜLKE KODU
ISO country code tu
050 ## - SINIFLAMA ve YER NUMARASI
Sınıflama Numarası HD58.8
Yer Numarası .H78 2000
100 1# - KİŞİ ADI
Yazar Adı (Kişi adı) Hurst, David K..
245 1# - ESER ADI BİLDİRİMİ
Başlık Kriz ve yenilenme:krizin sunduğu fırsatlar=crisis & renewal/
Sorumluluk Bildirimi David K. Hurst ; David K. Hurst; çeviren Elâ Gürdemir.
264 #1 - ÜRERİM, YAYIN, DAĞITIM ve TELİF BİLDİRİMİ
Yayın yeri İstanbul :
Yayınlayan Alfa Yayınları
Yayın tarihi 2000
300 ## - FİZİKSEL TANIMLAMA
Sayfa, Cilt vb. xviii, 203 sayfa: resimli
336 ## - İÇERİK TÜRÜ
Content type term metin
Content type code txt
Source rdacontent
337 ## - MEDYA TÜRÜ
Media type term aracısız
Media type code n
Source rdamedia
338 ## - TAŞIYICI TÜRÜ
Carrier type term cilt
Carrier type code nc
Source rdacarrier
490 1# - DİZİ BİLDİRİMİ
Dizi Bildirimi Alfa ;
Cilt Numarası 600 Dizi ;
-- no.
490 1# - DİZİ BİLDİRİMİ
Dizi Bildirimi 068.
500 ## - GENEL NOT
Genel Not Kaynakça var.
650 #0 - KONU BAŞLIĞI EK GİRİŞ - KONU TERİMİ
Konusal terim veya coğrafi ad Organizational change--Management.
9 (RLIN) 9487
650 #0 - KONU BAŞLIĞI EK GİRİŞ - KONU TERİMİ
Konusal terim veya coğrafi ad Corporate reorganizations.
9 (RLIN) 9018
650 #0 - KONU BAŞLIĞI EK GİRİŞ - KONU TERİMİ
Konusal terim veya coğrafi ad Crisis management.
9 (RLIN) 9488
830 1# - SERİ EK GİRİŞİ - TEKBİÇİM ESER ADI
Tekbiçim Başlık Alfa ;
Volume number/sequential designation 600 Dizi ;
-- no.
9 (RLIN) 4684
830 1# - SERİ EK GİRİŞİ - TEKBİÇİM ESER ADI
Tekbiçim Başlık 068.
9 (RLIN) 9489
942 ## - EK GİRİŞ ÖGELERİ (KOHA)
Source of classification or shelving scheme Library of Congress Classification
Koha item type Book
Holdings
Materyal Türü Kalıcı Konum Mevcut Konum Raf Yeri Sınıflandırma Kaynağı Edinim Bilgisi Ana Konular Alt Konular Yer Numarası Demirbaş Numarası Fatura Tarihi Maliyet, Alış Fiyatı Maliyet, Yenileme Fiyatı Geri Çekilme Durumu Kayıp Durumu Hasarlı Durumu Kredi için değil Kayıt Tarih Toplam Ödünçverme Son Görülme Tarihi Son Kontrol Tarihi Genel / Bağış Notu
Book Prof. Dr. Azmi Özcan Kütüphanesi Prof. Dr. Azmi Özcan Kütüphanesi Uluğbey Salonu Library of Congress Classification Bağış SOSYAL BİLİMLER Endüstriler, Arazi Kullanımı, İşgücü HD58.8 .H78 2000 0003890 13/08/2010 3.50 3.50         15/04/2009 1 05/05/2025 05/05/2025 İİBF
Book Prof. Dr. Azmi Özcan Kütüphanesi Prof. Dr. Azmi Özcan Kütüphanesi Uluğbey Salonu Library of Congress Classification Bağış SOSYAL BİLİMLER Endüstriler, Arazi Kullanımı, İşgücü HD58.8 .H78 2000 0031612 02/02/2026 3.50 3.50         23/08/2011 1 05/05/2025 05/05/2025 İİBF
Book Prof. Dr. Azmi Özcan Kütüphanesi Prof. Dr. Azmi Özcan Kütüphanesi Uluğbey Salonu Library of Congress Classification Bağış SOSYAL BİLİMLER Endüstriler, Arazi Kullanımı, İşgücü HD58.8 .H78 2000 0035845 02/02/2026 3.50 3.50         26/03/2012   02/06/2025 02/06/2025 İİBF